Statistics for Michigan Colleges with Division 1 sports

Click here to take the quiz!

General Stats

  • This quiz has been taken 162 times
  • The average score is 8 of 11

Answer Stats

LocationAnswer% Correct
East LansingMichigan St
99%
Ann ArborMichigan
95%
KalamazooWestern Michigan
89%
YpsilantiEastern Michigan
84%
Mt. PleasantCentral Michigan
78%
DetroitDetroit
73%
MarquetteNorthern Michigan
56%
RochesterOakland
51%
HoughtonMichigan Tech
48%
Sault Ste MarieLake Superior St
42%
Big RapidsFerris St
41%

Score Distribution

Percentile by Number Answered

Percent of People with Each Score

Your Score History

You have not taken this quiz